State capitalism: Why SOEs matter and the challenges they face (Record no. 395962)

MARC details
000 -LEADER
fixed length control field 00554 a2200205 4500
005 - DATE & TIME
control field 20260309123647.0
008 - FIXED-LENGTH DATA ELEMENTS--GENERAL INFORMATION
fixed length control field 260309b |||||||| |||| 00| 0 eng d
020 ## - ISBN
International Standard Book Number 9780192849595
Price Rs. 1695.00
040 ## - CATALOGING SOURCE
Original cataloging agency VIVEKANANDA LIBRARY
082 ## - DDC NUMBER
Classification number 338.62
Book Number S51S
100 ## - MAIN ENTRY--PERSONAL NAME
Personal name Som, Lalita
245 ## - TITLE STATEMENT
Title State capitalism: Why SOEs matter and the challenges they face
260 ## - PUBLICATION, DISTRIBUTION, ETC. (IMPRINT)
Name of publisher, distributor, etc Oxford University Press
Date of publication, distribution, etc 2022
Place of publication, distribution, etc Oxford
300 ## - PHYSICAL DESCRIPTION
Pages xxvii, 356
650 ## - Subject
Subject Econimcs
650 ## - Subject
Subject Public Enterprises
650 ## - Subject
Subject Capitalism
650 ## - Subject
Subject Production
942 ## - ADDED ENTRY ELEMENTS (KOHA)
Koha item type Books
Holdings
Withdrawn status Lost status Source of classification or shelving scheme Damaged status Not for loan Location (home branch) Sublocation or collection (holding branch) Shelving location Date acquired Koha issues (times borrowed) Koha full call number Accession No. Koha date last seen Koha item type
    Dewey Decimal Classification     VIVEKANANDA LIBRARY VIVEKANANDA LIBRARY Vivekananda Library 27/01/2026   338.62 S51S 444900 27/01/2026 Books
© Designed and Maintained by Vivekananda Library, MDU Rohtak